Central Library OPAC University of Rajshahi

The good person of Szechwan / (Record no. 54705)

MARC details
000 -LEADER
fixed length control field 00789nam a2200253 a 4500
001 - CONTROL NUMBER
control field 54705
003 - CONTROL NUMBER IDENTIFIER
rucl marc code BD-RjUL
005 - DATE AND TIME OF LATEST TRANSACTION
control field 20211209080147.0
008 - FIXED-LENGTH DATA ELEMENTS--GENERAL INFORMATION
fixed length control field 161109r19671962enk 000 0 eng
035 ## - SYSTEM CONTROL NUMBER
System control number (BD-RjUL)54827
040 ## - CATALOGING SOURCE
Original cataloging agency DLC
Transcribing agency DLC
Modifying agency m.c
-- EQO
-- BD-RjUL
Language of cataloging eng
041 1# - LANGUAGE CODE
Language code of text/sound track or separate title eng
082 ## - DEWEY DECIMAL CLASSIFICATION NUMBER
Edition number 23
Classification number 832
Author mark and year BRG 1967
100 1# - MAIN ENTRY--PERSONAL NAME
Personal name Brecht, Bertolt,
Dates associated with a name 1898-1956.
9 (RLIN) 163121
245 14 - TITLE STATEMENT
Title The good person of Szechwan /
Statement of responsibility, etc. Bertolt Brecht ;Translated by John Willett.
260 ## - PUBLICATION, DISTRIBUTION, ETC. (IMPRINT)
Place of publication, distribution, etc. London :
Name of publisher, distributor, etc. Methuen,
Date of publication, distribution, etc. c1962 [reprinted 1967].
300 ## - PHYSICAL DESCRIPTION
Pagination 109 p. :
Illustrations ill. (on cover) ;
Size 21 cm.
490 ## - SERIES STATEMENT
Series statement Methuen modern plays.
650 ## - SUBJECT ADDED ENTRY--TOPICAL TERM
Topical term or geographic name as entry element German Drama
9 (RLIN) 144862
700 ## - ADDED ENTRY--PERSONAL NAME
Personal name Willett, John
830 #0 - SERIES ADDED ENTRY--UNIFORM TITLE
Uniform title Methuen modern plays.
942 ## - ADDED ENTRY ELEMENTS (KOHA)
Source of classification or shelving scheme Dewey Decimal Classification
Koha item type Books
Holdings
Lost status Source of classification or shelving scheme Damaged status Not for loan Collection code Permanent Location Current Location Shelving location Date acquired Source of acquisition Cost, normal purchase price Total Checkouts Full call number Date last seen Copy number Koha item type
  Dewey Decimal Classification     Non-fiction Central Library, University of Rajshahi Central Library, University of Rajshahi   09/08/1972 Book Centre 6.60   832 BRG 1967 09/11/2016 C-2 Books